Statistics for Города Астраханской Области

Click here to take the quiz!

General Stats

  • This quiz has been taken 87 times
  • The average score is 3 of 6

Answer Stats

НаселениеГород% Correct
475 629Астрахань
100%
35 625Ахтубинск
51%
16 154Камызяк
39%
24 628Знаменск
36%
11 104Нариманов
34%
18 514Харабали
30%

Score Distribution

Percentile by Number Answered

Percent of People with Each Score

Your Score History

You have not taken this quiz